000 00901cam a2200133 4500500
005 20260118050731.0
041 _afre
042 _adc
100 1 0 _aDurand, Béatrice
_eauthor
245 0 0 _aFictions d’isolement enfantin : Anthologie d’une expérience de pensée
260 _bHermann,
_c2017.
520 _aSpéculer sur le destin d’êtres humains qui se développeraient en dehors de toute influence sociale est une expérience de pensée maintes fois réalisée depuis l’Antiquité. Fruits de l’imagination philosophique, les produits de l’expérience sont littéralement des êtres de papier. Leur destin est une étrange fiction qui a permis à ses auteurs d’approfondir leur réflexion sur ce que l’on appelle aujourd’hui l’inné et l’acquis.
856 4 1 _uhttps://shs.cairn.info/fictions-disolement-enfantin--9782705695125?lang=fr&redirect-ssocas=7080
999 _c1638641
_d1638641